|
|
|
|
| LEADER |
01272nam a2200289 a 4500 |
| 001 |
00016951 |
| 003 |
BD-DhAAL |
| 008 |
120325r20071996enka b 001 0 eng d |
| 010 |
|
|
|a 94106188
|
| 020 |
|
|
|a 812390469x (pbk.)
|
| 040 |
|
|
|a BD-DhAAL
|c BD-DhAAL
|
| 082 |
0 |
0 |
|a 660.6
|2 22
|
| 245 |
0 |
0 |
|a Molecular biology and biotechnology /
|c edited by Sheela Srivastava, P.S. Srivastava, B.N. Tiwary.
|
| 260 |
|
|
|a New Delhi :
|b CBS publications & distributors,
|c 2007 [reprinted].
|
| 300 |
|
|
|a xv, 227 p. :
|b ill. ;
|c 24 cm
|
| 504 |
|
|
|a Includes bibliographical references and index.
|
| 526 |
|
|
|a MNS
|x Professor Naiyyum Choudhury
Department of Mathematics and Natural Sciences
BRAC University
|
| 541 |
|
|
|e 00016951
|a Essence Science Publications
|
| 650 |
|
0 |
|a Molecular biology.
|
| 650 |
|
0 |
|a Biotechnology.
|
| 700 |
1 |
|
|a Srivastava, Sheela.
|9 57832
|
| 700 |
1 |
|
|a Srivastava, P.S.
|9 57833
|
| 700 |
1 |
|
|a Tiwary, B.N.
|9 57834
|
| 852 |
1 |
|
|a Ayesha Abed Library
|c General Stacks
|
| 942 |
|
|
|2 ddc
|c BK
|
| 999 |
|
|
|c 12045
|d 12045
|
| 952 |
|
|
|0 0
|1 0
|2 ddc
|4 0
|6 660_000000000000000__6_MOL
|7 0
|9 19839
|a BRACUL
|b BRACUL
|c GEN
|d 2012-03-28
|e Essence Science Publications
|g 466.00
|l 4
|m 40
|o 660.6 MOL
|p 3010016951
|r 2025-07-09
|s 2025-06-29
|t 1
|w 2012-03-28
|y BK
|x Requisitioned by Professor Naiyyum Choudhury.
|